[Event "San Jose 1000 GM 07"]
[Site "San Jose"]
[Date "2024.07.06"]
[Round "6"]
[White "Levine, Joseph1"]
[Black "Sripada, Havish"]
[Result "1-0"]
[WhiteElo "2372"]
[BlackElo "2290"]
[PlyCount "89"]
[EventDate "2024.07.03"]
[EventType "tourn"]
[EventRounds "9"]
[EventCountry "USA"]
[EventCategory "6"]
[SourceTitle "CBM 221 Extra"]
[Source "ChessBase"]
[SourceDate "2024.09.30"]
[SourceVersion "1"]
[SourceVersionDate "2024.09.30"]
[SourceQuality "1"]

1. e4 c5 2. Nf3 d6 3. d4 cxd4 4. Nxd4 Nf6 5. Nc3 a6 6. Bg5 e6 7. f4 Be7 8. Qf3 Qc7 9. 0-0-0 Nbd7 10. g4 h6 11. Bxf6 Bxf6 12. h4 Nb6 13. g5 Bxd4 14. Rxd4 Qc5 15. Rd2 Bd7 16. Be2 Na4 17. Rd3 Rc8 18. Bd1 Nxc3 19. Rxc3 Qa5 20. gxh6 gxh6 21. Rxc8+ Bxc8 22. e5 dxe5 23. Rf1 Rf8 24. a3 Qa4 25. Qc3 Bd7 26. Qxe5 Qb5 27. Qe1 Kd8 28. Rg1 Ke7 29. h5 Rc8 30. Qh4+ Kd6 31. Qf6 Qf5 32. Qxh6 Rc4 33. Rh1 Qe4 34. Rh3 Qf5 35. Rh2 Rxf4 36. Qg7 e5 37. h6 Rd4 38. Qg1 Be6 39. Be2 Qf4+ 40. Kb1 Bf5 41. h7 Bxc2+ 42. Kxc2 Rd2+ 43. Kb3 Qe4 44. Qb6+ Ke7 45. Qb4+ 1-0